000 00935cam a2200277 i 4500
001 18590163
003 OSt
005 20170105113127.0
008 150424s2013 ir a b 000 0 eng
010 _a 2015377820
020 _a9789641961949
040 _aDLC
_beng
_erda
_cDLC
042 _apcc
050 0 0 _aHD53
_b.I57745 2013
245 0 0 _aIntellectual capital management :
_bglobal perspectives on higher education, science and technology /
_cedited by, Jalil Khavand Kar.
300 _axxvii, 332 pages :
_billustrations ;
_c24 cm
500 _aLC copy signed by editor.
_5DLC
504 _aIncludes bibliographical references.
650 0 _aIntellectual capital
_xManagement.
650 0 _aKnowledge management.
650 0 _aEducation, Higher.
700 1 _aKhavand Kar, Jalil,
_d1954-
906 _a7
_bcbc
_corignew
_d3
_encip
_f20
_gy-gencatlg
942 _2ddc
_cBK
999 _c34196
_d34196